| 000 | 01628nam0a2200325 i 4500 | ||
|---|---|---|---|
| 001 | RU\NLR\BIBL_A\011334573 | ||
| 005 | 20241103100807.0 | ||
| 021 |
_aRU _b2017-5528 _9388 |
||
| 035 | _a(NLR Aleph) 011334573 | ||
| 090 |
_a11153927 _c11153927 |
||
| 100 | _a20170227d2016 km y0rusy50 ca | ||
| 101 | 0 | _arus | |
| 102 | _aRU | ||
| 105 | _ay|||||||||||| | ||
| 200 | 1 |
_aСтремление души к Всевышнему Аллаху - основа добропорядочного воспитания в исламе _e[доклад] _fпрофессор Ирдис Халифа _g[Хасанийские чтения, Королевство Марокко] |
|
| 210 |
_aМосква _cАль-Васатыя - умеренность _d2016 |
||
| 215 |
_a23 с. _d21 |
||
| 225 | 1 | _aСерия "Ислам против радикализма" | |
| 300 | _aНа обл. и в вып. дан. авт.: Идрис [т. е. Ирдис] Халифа | ||
| 300 | _aВ надзаг.: Науч.-просвет. центр "Аль-Васатыя - умеренность", Некоммерч. благотвор. фонд Фонд поддержки ислам. культуры, науки и образования | ||
| 606 |
_aИслам _91049283 _3RU\NLR\AUTH\6687295 |
||
| 686 | 2 | _aЭ38,0 | |
| 700 | 1 |
_7ca _8rus _aХалифа _bИ. _gИрдис _9171991 _3RU\NLR\AUTH\770172041 |
|
| 711 | 1 | 2 |
_aХасанийские чтения _eКасабланка _f1916 _9553996 _3RU\NLR\AUTH\880445161 |
| 942 | _cBOOK | ||
| 980 | _aNBR | ||